000 00562nam a22001457a 4500
020 _a9789388754088
082 _a823AMI/R
100 _aAMISH TRIPATHI
245 _aRAAVAN ENEMY OF ARYAVARTA
_bRAM CHANDRA SERIES BOOK 3
260 _aCHENNAI
_bWESTLAND PUBLICATIONS
300 _a374
520 _aEnemy of Aryavarta, as the title suggests, tells the King of Lanka- Raavan's story from when he was born till the time he kidnaps Sita. The story is set in 3400 BCE, India when the land is facing tumult, poverty and chaos.
650 _aNOVEL
_zINDIA
942 _cBK
999 _c2544
_d2544